Burrull Bonastre : el órgano de las iniciativas provinciales / G.C. el órgano de las iniciativas provinciales / G.C.
Publicado:
San Jorge, núm. 93 (1r trimestre 1974), pàg 12 - 13 :
Materias:
Burrull Bonastre, José -- Intervius
MARC
| LEADER | 00000nam a2200000Ia 4500 | ||
|---|---|---|---|
| 001 | |||
| 008 | 160829s9999 xx 000 0 cat d | ||
| 100 | |a C., G. |9 41617 | ||
| 245 | |a Burrull Bonastre : |b el órgano de las iniciativas provinciales / G.C. | ||
| 260 | |a San Jorge, núm. 93 (1r trimestre 1974), pàg 12 - 13 | ||
| 650 | |a Burrull Bonastre, José |x Intervius |9 41618 | ||
| 901 | |a Arxiu | ||
| 942 | |n 1 | ||
| 952 | |0 0 |1 0 |4 0 |7 1 |9 50333 |a Arxiu |b Arxiu |d 2016-12-01 |l 0 |r 2016-12-01 00:00:00 |w 2016-12-01 |y ARXIU | ||
| 999 | |c 54175 |d 54175 | ||